[Event "NOR-chB"]
[Site "Oslo"]
[Date "2023.07.07"]
[Round "8"]
[White "Andersen, Jorgen Mosbech"]
[Black "Woldseth, Ole"]
[Result "1/2-1/2"]
[WhiteElo "1919"]
[BlackElo "1984"]
[PlyCount "50"]
[EventDate "2023.06.30"]
[EventType "swiss"]
[EventRounds "9"]
[EventCountry "NOR"]
[SourceTitle "EXT 2024"]
[Source "ChessBase"]
[SourceDate "2023.10.10"]
[SourceVersion "1"]
[SourceVersionDate "2023.10.10"]
[SourceQuality "1"]

1. d4 Nf6 2. Nf3 e6 3. Bf4 d5 4. e3 Bd6 5. Nbd2 c5 6. Ne5 Nc6 7. Bb5 Qc7 8. c3 0-0 9. Bxc6 bxc6 10. 0-0 cxd4 11. cxd4 c5 12. Rc1 Ba6 13. Re1 Rfc8 14. Qa4 Qb7 15. Bg5 Bxe5 16. dxe5 Ne4 17. Nxe4 dxe4 18. Red1 Bd3 19. b3 Qd5 20. Be7 Qxe5 21. Qa5 Qh5 22. Re1 Rc6 23. Rxc5 Rxc5 24. Qxc5 Qxc5 25. Bxc5 a6 1/2-1/2

[Event "NOR-chB"]
[Site "Oslo"]
[Date "2023.07.03"]
[Round "3"]
[White "Moseng, Geir"]
[Black "Andersen, Jorgen Mosbech"]
[Result "1/2-1/2"]
[WhiteElo "1986"]
[BlackElo "1919"]
[PlyCount "56"]
[EventDate "2023.06.30"]
[EventType "swiss"]
[EventRounds "9"]
[EventCountry "NOR"]
[SourceTitle "EXT 2024"]
[Source "ChessBase"]
[SourceDate "2023.10.10"]
[SourceVersion "1"]
[SourceVersionDate "2023.10.10"]
[SourceQuality "1"]

1. d4 c6 2. Nf3 d5 3. e3 Nf6 4. Bd3 Bg4 5. h3 Bxf3 6. Qxf3 Nbd7 7. c4 e6 8. 0-0 Bd6 9. Nc3 0-0 10. e4 dxc4 11. Bxc4 e5 12. d5 Nb6 13. Bb3 cxd5 14. exd5 Nfd7 15. Ne4 Nc5 16. Nxc5 Bxc5 17. Rd1 Qd6 18. Be3 Nd7 19. Rac1 f5 20. a3 Rac8 21. Ba2 g6 22. b4 Bb6 23. Bxb6 Nxb6 24. Qe3 f4 25. Qf3 Kg7 26. Bb3 Rfe8 27. Qe4 a6 28. Kh1 Red8 1/2-1/2

[Event "Benidorm op U2000 17th"]
[Site "Benidorm"]
[Date "2018.12.05"]
[Round "7"]
[White "Skalli, Taoufik"]
[Black "Andersen, Jorgen Mosbech"]
[Result "1-0"]
[WhiteElo "1888"]
[BlackElo "1995"]
[PlyCount "93"]
[EventDate "2018.11.30"]
[EventType "swiss"]
[EventRounds "10"]
[EventCountry "ESP"]
[SourceTitle "EXT 2022"]
[Source "ChessBase"]
[SourceDate "2021.10.06"]
[SourceVersion "1"]
[SourceVersionDate "2021.10.06"]
[SourceQuality "1"]

1. d4 d6 2. e4 Nf6 3. Nc3 Nbd7 4. Nf3 e5 5. dxe5 dxe5 6. Bg5 c6 7. a4 Qb6 8. Qc1 Ng4 9. Bh4 Bb4 10. Qg5 Ngf6 11. Bd3 0-0 12. 0-0 h6 13. Qc1 Re8 14. Nd1 Bc5 15. a5 Qc7 16. Ne3 Bxe3 17. Qxe3 Nh5 18. Bc4 Nf8 19. Qc3 Ng6 20. Bg3 Nhf4 21. a6 bxa6 22. Rfe1 Rb8 23. Nh4 Rb6 24. Nxg6 Nxg6 25. Ra3 Qd6 26. f3 Nf4 27. Ra5 Be6 28. Rxe5 g5 29. Bxe6 Rxe6 30. Rxe6 fxe6 31. Bxf4 gxf4 32. Qf6 Rb7 33. Kh1 Rg7 34. Qxh6 Qd2 35. Qxe6+ Kf8 36. Qf6+ Kg8 37. Rg1 Kh7 38. Qf5+ Kg8 39. e5 Rf7 40. Qc8+ Kg7 41. Qxc6 Qe3 42. Qe4 Qd2 43. e6 Re7 44. Qe5+ Kg6 45. h4 Re8 46. Qg5+ Kh7 47. Qh5+ 1-0

[Event "Benidorm op U2000 17th"]
[Site "Benidorm"]
[Date "2018.12.01"]
[Round "2"]
[White "Andersen, Jorgen Mosbech"]
[Black "Padilla Mendez, Vicente"]
[Result "0-1"]
[WhiteElo "1995"]
[BlackElo "1843"]
[PlyCount "77"]
[EventDate "2018.11.30"]
[EventType "swiss"]
[EventRounds "10"]
[EventCountry "ESP"]
[SourceTitle "EXT 2022"]
[Source "ChessBase"]
[SourceDate "2021.10.06"]
[SourceVersion "1"]
[SourceVersionDate "2021.10.06"]
[SourceQuality "1"]

1. c4 c6 2. Nc3 d5 3. cxd5 cxd5 4. d4 Nf6 5. Nf3 Nc6 6. g3 e6 7. Bg2 Be7 8. 0-0 0-0 9. a3 a6 10. b4 b5 11. Qd3 Bb7 12. Bb2 Rc8 13. Rac1 Nb8 14. Nd2 Nbd7 15. e4 dxe4 16. Ncxe4 Nxe4 17. Nxe4 Ne5 18. Qe2 Nc4 19. Rfd1 Bd5 20. Nc3 Bxg2 21. Kxg2 Bg5 22. f4 Bf6 23. Ba1 Re8 24. a4 Qb6 25. Ne4 Be7 26. axb5 axb5 27. Nc5 Ra8 28. Kg1 Ra3 29. Bc3 Qc6 30. Re1 Rd8 31. f5 Bg5 32. fxe6 Be3+ 33. Qxe3 Nxe3 34. exf7+ Kxf7 35. Rxe3 Ra2 36. Rf1+ Kg8 37. Ref3 Re8 38. Be1 h6 39. Bf2 0-1

[Event "Paleochora op 9th"]
[Site "Paleochora"]
[Date "2016.07.27"]
[Round "9"]
[White "Andersen, Jorgen Mosbech"]
[Black "Adrian, Claude"]
[Result "0-1"]
[WhiteElo "1938"]
[BlackElo "2193"]
[PlyCount "96"]
[EventDate "2016.07.20"]
[EventType "swiss"]
[EventRounds "9"]
[EventCountry "GRE"]
[SourceTitle "EXT 2017"]
[Source "ChessBase"]
[SourceDate "2016.10.25"]
[SourceVersion "1"]
[SourceVersionDate "2016.10.25"]
[SourceQuality "1"]

1. c4 Nf6 2. Nc3 c5 3. g3 e6 4. Nf3 b6 5. Bg2 Bb7 6. 0-0 d6 7. d4 cxd4 8. Nxd4 Bxg2 9. Kxg2 Be7 10. e4 0-0 11. b3 a6 12. Bb2 Qc7 13. Nc2 Nbd7 14. Ne3 Qb7 15. f3 b5 16. Qd4 Rfc8 17. Rac1 Bf8 18. Rfd1 Ne5 19. Ne2 h5 20. h3 Ng6 21. h4 Nd7 22. Rh1 Nde5 23. Rhf1 Rc6 24. f4 Ng4 25. Nxg4 hxg4 26. h5 Ne7 27. h6 Nf5 28. h7+ Kxh7 29. Rh1+ Kg8 30. Qd3 bxc4 31. bxc4 Qxb2 32. exf5 exf5 33. Rc2 Qb7 34. Kf2 Rb6 35. Rd1 Rb2 36. Rxb2 Qxb2 37. Qxf5 Qxa2 38. Rh1 g6 39. Qxg4 Qxc4 40. Qf3 Re8 41. f5 Qc5+ 42. Kg2 Qxf5 43. Qxf5 gxf5 44. Nd4 a5 45. Nxf5 a4 46. Ra1 Ra8 47. Kf1 a3 48. Ra2 Ra4 0-1

[Event "Paleochora op 9th"]
[Site "Paleochora"]
[Date "2016.07.21"]
[Round "2"]
[White "Bulmaga, Irina"]
[Black "Andersen, Jorgen Mosbech"]
[Result "1-0"]
[WhiteElo "2383"]
[BlackElo "1938"]
[PlyCount "71"]
[EventDate "2016.07.20"]
[EventType "swiss"]
[EventRounds "9"]
[EventCountry "GRE"]
[SourceTitle "EXT 2017"]
[Source "ChessBase"]
[SourceDate "2016.10.25"]
[SourceVersion "1"]
[SourceVersionDate "2016.10.25"]
[SourceQuality "1"]

1. e4 c6 2. d4 d5 3. e5 Bf5 4. Nf3 e6 5. Be2 c5 6. Be3 Qb6 7. Nc3 Nc6 8. dxc5 Bxc5 9. Bxc5 Qxc5 10. Nb5 Nge7 11. Nc7+ Kd7 12. Nxa8 Rxa8 13. c3 Ng6 14. Nd4 Ngxe5 15. Nxf5 exf5 16. 0-0 Rd8 17. Qd2 f6 18. b4 Qd6 19. f4 Nf7 20. Rad1 Kc7 21. Bf3 Ne7 22. Qe3 Qb6 23. Qxb6+ axb6 24. Rfe1 Rd7 25. a4 g5 26. g3 b5 27. axb5 Nd6 28. Bxd5 Nxb5 29. Bxb7 Nxc3 30. Rxd7+ Kxd7 31. Kf2 Kd6 32. Rc1 Ned5 33. Bxd5 Nxd5 34. b5 g4 35. Ke2 h5 36. Rc4 1-0

[Event "Berlin Lichtenberger op 14th"]
[Site "Berlin"]
[Date "2015.08.18"]
[Round "4"]
[White "Andersen, Jorgen Mosbech"]
[Black "Kather, Yannick"]
[Result "0-1"]
[WhiteElo "2007"]
[BlackElo "2041"]
[PlyCount "90"]
[EventDate "2015.08.15"]
[EventType "swiss"]
[EventRounds "9"]
[EventCountry "GER"]
[SourceTitle "EXT 2016"]
[Source "ChessBase"]
[SourceDate "2015.10.08"]
[SourceVersion "1"]
[SourceVersionDate "2015.10.08"]
[SourceQuality "1"]

1. d4 Nf6 2. Nf3 g6 3. g3 Bg7 4. Bg2 0-0 5. 0-0 d5 6. Nbd2 c6 7. c3 Re8 8. Re1 Na6 9. e4 dxe4 10. Nxe4 Nxe4 11. Rxe4 c5 12. Qb3 cxd4 13. cxd4 Nc7 14. Bf4 Bf5 15. Ree1 Nd5 16. Ng5 e6 17. Qxb7 Re7 18. Qb3 h6 19. Bxd5 exd5 20. Rxe7 Qxe7 21. Nf3 Be4 22. Re1 Rc8 23. Nd2 Bxd4 24. Qxd5 Bxd5 25. Rxe7 Rc1+ 26. Nf1 Rc2 27. Be3 Bf6 28. Rd7 Bxa2 29. Rxa7 Rxb2 30. Rc7 Bd5 31. Rc1 Kg7 32. Nd2 g5 33. Nc4 Ra2 34. Nd6 Kg6 35. Bc5 Bb2 36. Re1 Bc3 37. Rc1 Bd2 38. Rb1 Rc2 39. Bd4 Bf3 40. Ne8 Ba5 41. Be3 Rc6 42. Rc1 Re6 43. Nc7 Re5 44. Na6 Rb5 45. Rc5 Rb6 0-1